Sports Quiz

Random Sports or French Quiz

Tour de France winners by French President Quiz Stats

 Plays Quiz not verified by Sporcle

Challenge
Share
Tweet
Embed
Score 0/18 Timer 05:00
0 Plays Today
% Correct
Emmanuel Macron
87.8%
François Mitterrand
84.1%
Nicolas Sarkozy
83.2%
Jacques Chirac
79.8%
François Hollande
79.3%
Charles de Gaulle
64.9%
Valéry Giscard d'Estaing
60.6%
Georges Pompidou
60.1%
René Coty
30.8%
% Correct
Vincent Auriol
25.5%
Albert Lebrun
22.1%
Alexandre Millerand
19.2%
Emile Loubet
17.8%
Armand Fallières
17.8%
Paul Deschanel
15.9%
Gaston Doumergue
14.4%
Paul Doumer
13.9%
Raymond Poincaré
13.5%

You're not logged in!

Compare scores with friends on all Sporcle quizzes.
OR
Log In

You Might Also Like...

Show Comments

Extras

Top Quizzes Today


Score Distribution

Your Account Isn't Verified!

In order to create a playlist on Sporcle, you need to verify the email address you used during registration. Go to your Sporcle Settings to finish the process.

Report this User

Report this user for behavior that violates our Community Guidelines.

Details: